Film par meme - Statistiques

Statistiques générales
  • Ce quiz a été pris 162 fois
  • Le résultat moyen est 9 sur 16
Statistiques - réponses
Par images Réponse % Correct
Moi Moche et Méchant
93%
Harry Potter
91%
Toy Story
90%
Star Wars
83%
Spiderman
82%
le Seigneur des Anneaux
77%
Black Panther
76%
Megamind
65%
Monstre et Compagnie
63%
Gatsby le Magnifique
50%
I Robot
50%
Avengers : Endgame
33%
Invincible
27%
La Cité de la peur
24%
La Classe Américaine
9%
The Real Housewives of Beverly Hills
1%
Aucun quiz correspondant
Distribution des résultats
% des personnes avec chaque résultat
Percentile par nombre de réponses
Votre historique - résultats
Vous n’avez pas pris ce quiz